Представление документа в формате MARC21

Поле Инд. ПП Название Значение
Тип записи a
Библиографический уровень m
001 Контрольный номер 90e936f752bc48928e6dc5dc0ee14e5f
005 Дата корректировки 20240422122230.6
008 Кодируемые данные 190221|||||||||ru |||||||||||||||||rus||
020 a ISBN 978-5-4222-0375-8
041 0_ a Код языка текста rus
084 a Индекс другой классификации/Индекс ББК 81.2Р
090 a Полочн. индекс 81.2Р
x Авторский знак И 19
100 1_ a Автор Иванищева О. Н.
245 10 a Заглавие Синтаксис современного русского литературного языка
b Продолж. заглавия курс лекций : [для бакалавров направления подгот. 44.03.05 Педагогическое образование. Профили: Русский язык. Литература]
c Ответственность М-во образования и науки Рос. Федерации, Мурман. аркт. гос. ун-т
260 a Место издания Мурманск
b Издательство Изд-во МАГУ
c Дата издания 2018
300 a Объем 121 с.
b Иллюстрации/ тип воспроизводства ил.
500 a Примечание Имеется электрон. аналог 2018 г.
504 a Библиография Библиогр.: с. 102-109
583 x Служебное примечание Педагогика. ВПО
z Открытое примечание 44.03.05
650 04 a Основная рубрика Русский язык-Учебные издания для высших учебных заведений-Бакалавриат
653 0_ a Ключевые слова Литературный язык
a Ключевые слова Пунктуация русская
a Ключевые слова Русский язык
a Ключевые слова Синтаксис
a Ключевые слова Сложное предложение
a Ключевые слова Труды преподавателей МАГУ
901 t Тип документа m
952 c Вид литературы учебное пособие